Ženy slova : zapomenuté příběhy českých spisovatelek 19. a 20. století /
Beletristické zpracování osudů osmi českých spisovatelek se pokouší nejen o rehabilitaci jejich tvorby, ale zároveň odmítá dělení literatury na mužskou a ženskou, neboť "ženy psaly vždycky, stejně jako muži, jen se o nich tolik nemluvilo".
Uloženo v:
| Hlavní autor: | |
|---|---|
| Další autoři: | |
| Médium: | Kniha |
| Jazyk: | Czech |
| Vydáno: |
V Praze :
Motto,
2026
|
| Vydání: | 1. vydání |
| Témata: | |
| Celkem bylo vypůjčeno: | 0x |
| Tagy: |
Žádné tagy |
| LEADER | 02767nam a2200481 i 4500 | ||
|---|---|---|---|
| 001 | 106518 | ||
| 003 | CZ PrNK | ||
| 005 | 20260605081424.0 | ||
| 007 | ta | ||
| 008 | 260518s2026 xr c g 000 jccze | ||
| 015 | |a cnb003756981 | ||
| 020 | |a 9788026760757 |q (vázáno) : |c Kč 399,00 | ||
| 040 | |a ABG001 |b cze |d BOA001 |e rda | ||
| 072 | 7 | |a 821.162.3-3 |x Česká próza |2 Konspekt |9 25 | |
| 072 | 7 | |a 929 |x Biografie |2 Konspekt |9 8 | |
| 080 | |a 821.162.3-32 |2 MRF | ||
| 080 | |a 821.162.3-055.2 |2 MRF | ||
| 080 | |a 929 |2 MRF | ||
| 080 | |a (0:82-322.6) |2 MRF | ||
| 100 | 1 | |a Poncarová, Jana, |d 1983- |7 xx0228679 |4 aut |9 109766 | |
| 245 | 1 | 0 | |a Ženy slova : |b zapomenuté příběhy českých spisovatelek 19. a 20. století / |c Jana Poncarová ; ilustrovala Jana Bačová Kroftová |
| 246 | 3 | 0 | |a Zapomenuté příběhy českých spisovatelek 19. a 20. století |
| 250 | |a 1. vydání | ||
| 264 | 1 | |a V Praze : |b Motto, |c 2026 | |
| 300 | |a 291 stran : |b portréty ; |c 21 cm | ||
| 336 | |a text |b txt |2 rdacontent | ||
| 337 | |a bez média |b n |2 rdamedia | ||
| 338 | |a svazek |b nc |2 rdacarrier | ||
| 504 | |a Obsahuje bibliografii | ||
| 520 | 2 | |a Beletristické zpracování osudů osmi českých spisovatelek se pokouší nejen o rehabilitaci jejich tvorby, ale zároveň odmítá dělení literatury na mužskou a ženskou, neboť "ženy psaly vždycky, stejně jako muži, jen se o nich tolik nemluvilo". |b Proč je v dějinách české literatury málo spisovatelek? Není to proto, že by ženy nepsaly. Aby stvořily díla, která si stále zaslouží pozornost, musely odložit vařečky a vystoupit z rolí manželek a matek. Spisovatelky 19. a 20. století tvořily navzdory společenskému očekávání, životním útrapám i žárlivým manželům. Oblíbená autorka Jana Poncarová představuje intimní portréty osmi spisovatelek, na které školní osnovy zapomněly: F. Háj, Felix Téver, Růžena Svobodová, Amálie Kutinová, Vlasta Javořická, Olga Barényi, Marie Majerová a Popelka Biliánová. Nakladatelská anotace. | |
| 648 | 7 | |a 19.-20. století |7 ch757015 |2 czenas |9 53080 | |
| 650 | 0 | 7 | |a české spisovatelky |7 ph128153 |y 19.-20. století |2 czenas |
| 650 | 0 | 9 | |a Czech women authors |y 19th-20th centuries |2 eczenas |
| 655 | 7 | |a české příběhy |7 fd133973 |2 czenas |9 54030 | |
| 655 | 7 | |a biografické příběhy |7 fd131953 |2 czenas |9 53519 | |
| 655 | 9 | |a Czech stories |2 eczenas | |
| 655 | 9 | |a biographical stories |2 eczenas | |
| 700 | 1 | |a Bačová-Kroftová, Jana, |d 1972- |7 hka2010577911 |4 ill |9 117444 | |
| 710 | 2 | |a Motto (nakladatelství) |7 xx0183724 |4 pbl |9 117173 | |
| 910 | |a UOG502 | ||
| 942 | |2 ddc |c KN | ||
| 999 | |d 106518 | ||
| 993 | |0 0 |1 421180107239 |2 ddc |4 0 |7 0 |9 99963 |b 0 |c 107239 |d 2026-06-05 |e 0 |f DOSP |h 399.00 |i Koupě |l DOSP |r 2026-06-05 |t 6 |w 2026-06-05 |y KN |z BELET |n | ||